000 00249nam a2200121Ia 4500
008 190216s9999||||xx |||||||||||||| ||und||
100 _aUroob
245 0 _aNeela Mala
260 _bK R Brothers
300 _a72
650 _aKathakal
942 _cBK
999 _c23983
_d23983